|
|
|
|
| LEADER |
00000nam a2200000 a 4500 |
| 001 |
vtls001345282 |
| 003 |
SK-MaSNL |
| 005 |
20260301200716.0 |
| 008 |
251124s1937 xr 0 cze |
| 035 |
|
|
|a SNK000298502
|
| 040 |
|
|
|a SNK
|b slo
|c SNK
|e AACR2
|
| 044 |
|
|
|a xr
|c CZ
|
| 245 |
1 |
|
|a Blahobyt všem!
|b plán práce Svazu socialistických živnostníků a obchodníků v ČSR
|c nap. K. Fuhrmann,... [et al.] ; za red. Pavla Sajala
|
| 260 |
|
|
|a Praha
|b Svaz socialistických živnostníků a obchodníků v ČSR
|c 1937
|
| 300 |
|
|
|a 101 s.
|c 8°
|
| 700 |
1 |
|
|a Fuhrmann, K.
|4 aut
|9 580257
|
| 700 |
1 |
|
|a Sajala, Pavel
|4 upr
|9 580258
|
| 999 |
|
|
|c 891745
|d 893675
|
| 952 |
|
|
|a SNK
|b SNK
|y VYP
|7 0
|p 17A0553948
|o snkIC 74244
|i snkD 944/78
|8 1
|3 rekatalogizácia
|0 0
|1 0
|4 0
|d 1998-10-14
|l 0
|r 2005-01-02 00:00:00
|w 2026-02-24
|